| 000 | 00992nam a22002537a 4500 | ||
|---|---|---|---|
| 999 |
_c5539 _d5539 |
||
| 005 | 20251010125544.0 | ||
| 008 | 251010b ||||| |||| 00| 0 eng d | ||
| 020 | _a9780062410009 | ||
| 040 | _cKH8 | ||
| 082 | _a823.92 HUN | ||
| 100 |
_aHUNTER,ERIN _eAUTHOR _lENGLISH |
||
| 245 | _aDAWN OF THE CLAN WARRIORS/THE SUN TRAIL | ||
| 260 |
_a195 BROADWAY,NEW YORK,NY 10007 _bHarperCollins Publishers _c2016 |
||
| 300 |
_a368 pages _bb illustration _c20 cm x |
||
| 500 | _aIncludes a bonus scene and a teaser for the next book in the series. Originally published in hardcover in 2013. | ||
| 520 | _aAs a new era dawns on the forest, a group of cats set out on a dangerous journey to find a new home and form the warrior Clans. | ||
| 521 | _aAges 8–12. | ||
| 650 |
_2Cats _aJuvenile fiction |
||
| 650 |
_2Animal societies _aJuvenile fiction |
||
| 650 |
_2 Adventure stories _aJuvenile fiction |
||
| 655 | _aFantasy Fiction | ||
| 700 |
_aMcLoughlin, Wayne _eillustrator |
||
| 942 |
_2ddc _cFIC |
||